Comarques de Catalunya
Publicado:
Barcelona :
Generalitat de Catalunya. Direcció General de Turisme. Servei d'Informació, Documentació i Publicacions ,
1984
Descripción Física:
328 p. : il., col. ; 26 cm
MARC
| LEADER | 00000nam a2200000Ia 4500 | ||
|---|---|---|---|
| 001 | 1274 | ||
| 008 | 160829s1984 xx 000 0 cat d | ||
| 080 | |a H-1-46 | ||
| 245 | |a Comarques de Catalunya | ||
| 260 | |a Barcelona : |b Generalitat de Catalunya. Direcció General de Turisme. Servei d'Informació, Documentació i Publicacions, |c 1984 | ||
| 300 | |a 328 p. : |b il., col. ; |c 26 cm | ||
| 650 | |a Comarques |x Catalunya |x Guies |9 31537 | ||
| 651 | 0 | |a Catalunya |x Descripcions i viatges |9 54165 | |
| 710 | 1 | |a Catalunya. |b Direcció General de Turisme |9 51355 | |
| 901 | |a Arxiu | ||
| 942 | |n 1 | ||
| 952 | |0 0 |1 0 |4 0 |6 H146 |7 1 |9 45659 |a Arxiu |b Arxiu |d 2016-12-01 |l 0 |o H-1-46 |p 1274 |r 2016-12-01 00:00:00 |w 2016-12-01 |y ARXIU | ||
| 999 | |c 49159 |d 49159 | ||